000 00700nam a2200229 i 4500
001 bg
245 1 0 _aBio-Forum III :
_bBiotechnology business-science conference : May 20-21, 2002 Lodz, Poland /
_ced. by Tadeusz Pietrucha.
260 _aLodz :
_bBio-Tech Consulting,
_c2001.
300 _a96 s. :
_bil. ;
_c23 cm.
500 _aTekst częśc. ang., pol.
504 _aBibliogr. przy ref.
650 9 _aBiotechnologia
655 _aMateriały konferencyjne
700 1 _aPIETRUCHA, Tadeusz.
_eRed.
020 _a8391558010
040 _cBPK
041 w _aengpol
080 _a579.6:663/664:577](061)
920 _a83-915580-1-0
942 _cKS
008 s pl f |000 0 pol
999 _c42782
_d42782
856 _uhttp://koha.tu.koszalin.pl/cgi-bin/koha/opac-detail.pl?biblionumber=42782
_yKatalog online BPK